Statistics for Biggest European Cities by Letter

Click here to take the quiz!

General Stats

  • This quiz has been taken 65,072 times
    (21,115 since last reset)
  • The average score is 14 of 26

Answer Stats

Letter Population City % Correct
L14,600,000London
97%
P11,300,000Paris
95%
M17,000,000Moscow
91%
R3,600,000Rome
85%
B4,700,000Barcelona
81%
I14,800,000Istanbul
77%
W2,230,000Warsaw
76%
A3,375,000Athens
74%
O1,170,000Oslo
73%
V2,250,000Vienna
67%
K3,450,000Kiev
66%
F3,225,000Frankfurt
64%
S5,550,000Saint Petersburg
64%
C1,650,000Copenhagen
63%
D1,370,000Dublin
61%
Z1,400,000Zürich
57%
H2,825,000Hamburg
56%
N4,225,000Naples
56%
T1,660,000Turin
40%
G1,660,000Glasgow
36%
E583,084Essen
25%
Y1,630,000Yekaterinburg
20%
U1,130,000Ufa
8%
Q127,286Quimper
6%
J212,876Jerez de la Frontera
6%
X70,873Xanthi
5%

Score Distribution

Percentile by Number Answered

Percent of People with Each Score

Your Score History

You have not taken this quiz since the last reset